| 000 | 01044nam a22003497a 4500 | ||
|---|---|---|---|
| 001 | 000031344 | ||
| 003 | CHAP | ||
| 005 | 20220329135047.0 | ||
| 008 | 971013s1964 r 00010 d | ||
| 010 | _a30292 | ||
| 011 | _a31264 | ||
| 035 | _a35376 | ||
| 040 | _cCHAP | ||
| 090 | _aFolleto 547 | ||
| 100 | 0 | 0 |
_aCorliss, William R. _928009 |
| 245 | 1 | 0 | _aDirect conversion of energy. |
| 260 |
_aOak Redge : _bU.S. Atomic Energy Commission, _c1964. |
||
| 300 |
_a34 p. : _b: ilus. |
||
| 490 | _aUnderstanding the atom | ||
| 590 |
_aBATCH-UPD _b10 _c20130110 _lUCH01 _h0212 |
||
| 590 |
_aBATCH-UPD _b10 _c20130110 _lUCH01 _h1942 |
||
| 590 |
_aBATCH-UPD _b10 _c20130410 _lUCH01 _h1304 |
||
| 590 |
_aBATCH-UPD _b10 _c20130914 _lUCH01 _h1110 |
||
| 590 |
_aCONVERSION _b10 _c20130109 _lUCH01 _h1317 |
||
| 590 |
_aE5995AHE _b05 _c20141112 _lUCH01 _h1149 |
||
| 650 | 1 | 4 |
_aEnergía atómica. _936891 |
| 830 | 0 |
_aUnderstanding the atom _9116137 |
|
| 901 | _aBK | ||
| 942 | _cFOLL | ||
| 942 | _n0 | ||
| 949 |
_aFolleto 547 _bBC _cFOLL _d-81774 _eTS1 _i35376 _si |
||
| 999 |
_c30292 _d30292 |
||